00884nam a2200289Ia 450000500170000000800270001702000180004408200170006210000320007924500860011125000170019730000260021449000210024050000190026150400280028065000380030865000320034665000210037865000160039994200120041526400290042733600270045633700330048333800280051604000350054499900150057920220317000336.0141031s9999 ck 000 0 spa d a978843682752104a808.51bB14h1 aBallenato Prieto, Guillermo10aHablar en públicobarte y técnica de la oratoria cGuillermo Ballenato Prieto a1a edición a309 páginasc23 cm. aLibro práctico aIncluye anexos aIncluye bibliografía 142LEMBaArte de hablar en público142LEMBaOratoriaxEnseñanza142LEMBaElocuencia142LEMBaGesto 2ddccBK aMadridbPirámidec2013 atextobtxt2rdacontent asin mediaciónbn2rdamedia avolumenbnc2rdacarrier aCO-BoRNBPbspaerdacCO-BoRNBP c3775d3775